[Event "Challenge"]
[Site "http://www.queenalice.com/game.php?id=59633"]
[Date "2006.3.26"]
[Round "-"]
[White "li2carpio"]
[Black "roq04"]
[Result "0-1"]
[WhiteElo "1772"]
[BlackElo "1712"]

1. e4 e5 2. Nf3 Nc6 3. Bc4 Bc5 4. Nc3 Nf6 5. d3 d6 6. Bg5 Na5 7. Bb5+ Bd7 8.
Bxf6 gxf6 9. Bxd7+ Qxd7 10. Nd5 O-O-O 11. O-O c6 12. b4 cxd5 13. bxa5 dxe4 14.
dxe4 d5 15. exd5 Qxd5 16. Qe2 e4 17. Ne1 Qe5 18. Rb1 Rhg8 19. Qb5 Qc7 20. c3 Rd5
21. Kh1 Rd2 22. a4 Rd5 23. c4 Rh5 24. g3 a6 25. Qb2 Qd7 26. Ng2 h6 27. Rfd1 Qc6
28. Qe2 Rhg5 29. Ne3 Bxe3 30. Qxe3 Rxa5 31. Qa7 e3+ 32. Kg1 exf2+ 33. Qxf2 Rc5
34. Rd4 Re8 35. Rbd1 Rce5 36. Qd2 b6 37. Rd8+ Kb7 38. Qd7+ Qxd7 39. R8xd7+ Kc6
40. Rxf7 R8e6 41. Rf1 Kc5 42. R7xf6 Kxc4 43. R6f4+ Re4 44. Rxe4+ Rxe4 45. Rf6
Kc5 46. Rxh6 Rxa4 47. Rf6 Ra1+ 48. Kf2 Ra2+ 49. Kg1 Ra1+ 50. Kf2 Ra2+ 51. Kg1
Ra1+ 52. Kf2 Ra2+ 53. Kg1 a5 54. g4 Ra1+ 55. Kg2 Ra2+ 56. Kg3 Ra3+ 57. Kf4 Rh3
58. g5 Rxh2 59. g6 Rf2+ 60. Kg5 Rg2+ 61. Kf5 a4 62. Rf7 a3 63. g7 a2 64. Ra7
Rxg7 65. Rxa2 Re7 66. Kf4 b5 67. Kf3 b4 68. Re2 Rxe2 69. Kxe2 Kc4 70. Kd2 b3 71.
Kc1 Kc3 72. Kb1 b2 0-1

[Event "AUTO-OPEN-267"]
[Site "http://www.queenalice.com/game.php?id=68310"]
[Date "2006.5.11"]
[Round "1"]
[White "Zorro"]
[Black "roq04"]
[Result "0-1"]
[WhiteElo "1394"]
[BlackElo "1681"]

1. e4 c5 2. d4 Qa5+ 3. Nc3 Nf6 4. Bd2 cxd4 5. Nce2 Qb6 6. Ng3 Qxb2 7. Bg5 e5 8.
Bxf6 gxf6 9. Nf3 Bb4+ 10. Nd2 Bxd2+ 11. Kxd2 Nc6 12. Nf5 d5 13. exd5 Nb4 14.
Ng7+ Kf8 15. Nh5 Qc3+ 16. Ke2 Bg4+ 17. f3 Qe3# 0-1

[Event "AUTO-OPEN-267"]
[Site "http://www.queenalice.com/game.php?id=68311"]
[Date "2006.5.11"]
[Round "1"]
[White "roq04"]
[Black "Zorro"]
[Result "1-0"]
[WhiteElo "1709"]
[BlackElo "1357"]

1. e4 e5 2. Nf3 Nc6 3. Bb5 Qf6 4. d3 a6 5. Bxc6 bxc6 6. Bg5 Qg6 7. O-O d6 8. c3
h6 9. Be3 Bg4 10. Nbd2 Nf6 11. Qb3 Be7 12. Qb7 Kd7 13. Qb3 Rhb8 14. Qa4 Bxf3 15.
Nxf3 Rxb2 16. Rab1 Rxb1 17. Rxb1 Ng4 18. h3 Nxe3 19. fxe3 f5 20. exf5 Qxf5 21.
e4 Qf4 22. Kh1 g5 23. Rf1 1-0

[Event "AUTO-OPEN-267"]
[Site "http://www.queenalice.com/game.php?id=68334"]
[Date "2006.5.11"]
[Round "1"]
[White "aquinas"]
[Black "roq04"]
[Result "0-1"]
[WhiteElo "1734"]
[BlackElo "1778"]

1. e4 e5 2. Nf3 Nc6 3. Bb5 a6 4. Ba4 Nf6 5. O-O Be7 6. Re1 b5 7. Bb3 O-O 8. d3
d6 9. c4 bxc4 10. dxc4 Be6 11. Nc3 Na5 12. Nd2 Nxb3 13. Qxb3 c6 14. Nf3 Nd7 15.
Be3 f5 16. Rad1 f4 17. Bc1 Qe8 18. Qb7 Nc5 19. Qb4 Rf6 20. Ng5 Bg4 21. f3 a5 22.
Qb6 Bd8 23. Rxd6 Bxb6 24. Rxf6 gxf6 25. Kh1 fxg5 26. a3 Nd3 27. Rf1 Nf2+ 28.
Rxf2 Bxf2 29. fxg4 Qd7 0-1

[Event "AUTO-OPEN-267"]
[Site "http://www.queenalice.com/game.php?id=68335"]
[Date "2006.5.11"]
[Round "1"]
[White "roq04"]
[Black "aquinas"]
[Result "1-0"]
[WhiteElo "1744"]
[BlackElo "1728"]

1. e4 c5 2. Nf3 d6 3. d4 cxd4 4. Nxd4 Nf6 5. Nc3 g6 6. Be3 Bg7 7. f3 O-O 8. Bc4
Nc6 9. Nxc6 bxc6 10. O-O e6 11. Qd2 d5 12. Bd3 dxe4 13. fxe4 Qc7 14. Bc5 Rd8 15.
Qe2 h5 16. Qe1 Ng4 17. Qh4 Qe5 18. Qxd8+ Kh7 19. Qd6 Qg5 20. Rxf7 Kh6 21. Qxc6
Be5 22. Bf8+ Bg7 23. Bxg7+ Kh7 24. Bf6+ 1-0

[Event "AUTO-OPEN-267"]
[Site "http://www.queenalice.com/game.php?id=68350"]
[Date "2006.5.11"]
[Round "1"]
[White "roq04"]
[Black "Theologe"]
[Result "0-1"]
[WhiteElo "1864"]
[BlackElo "1770"]

1. e4 d6 2. Nc3 c5 3. Nf3 a6 4. d4 cxd4 5. Nxd4 Nf6 6. Be2 e5 7. Nb3 Be7 8. Be3
O-O 9. O-O Be6 10. f4 exf4 11. Bxf4 Nc6 12. Kh1 d5 13. e5 Ne4 14. Bd3 Nxc3 15.
bxc3 Qd7 16. Nd4 Nxd4 17. cxd4 Bf5 18. Rc1 b5 19. a4 Bxd3 20. cxd3 bxa4 21. Ra1
Bb4 22. Rxa4 a5 23. Be3 Bc3 24. h3 Rfc8 25. Rf4 Qe8 26. Ra3 Qe7 27. Ra2 Qe6 28.
Bd2 Qg6 29. Rg4 Qb6 30. Bxc3 Rxc3 31. Ra4 Qb3 32. Qd2 h6 33. Ra1 Ra6 34. Rf1
Rxd3 35. Qf4 Qb7 36. Qf2 Rc3 37. Qh4 Qd7 38. Rgf4 g5 39. Rg4 a4 40. Qe1 Rac6 41.
Qf2 a3 42. Rg3 Rc2 43. Qe1 Qa7 44. Rgf3 a2 45. Rxf7 Qxf7 0-1

[Event "AUTO-OPEN-267"]
[Site "http://www.queenalice.com/game.php?id=68351"]
[Date "2006.5.11"]
[Round "1"]
[White "Theologe"]
[Black "roq04"]
[Result "1/2-1/2"]
[WhiteElo "1733"]
[BlackElo "1735"]

1. d4 d5 2. c4 dxc4 3. Nf3 Nf6 4. Nc3 a6 5. e4 b5 6. e5 Nd5 7. a4 Nxc3 8. bxc3
Bb7 9. Be2 e6 10. Be3 Be7 11. O-O O-O 12. Qc2 Nd7 13. Rfb1 Bc6 14. axb5 axb5 15.
Bf4 1/2-1/2

[Event "Let's Play Chess!"]
[Site "http://www.queenalice.com/game.php?id=75747"]
[Date "2006.6.11"]
[Round "-"]
[White "RayDuque3"]
[Black "roq04"]
[Result "0-1"]
[WhiteElo "1499"]
[BlackElo "1773"]

1. e4 c5 2. c4 Nc6 3. Nf3 d6 4. d4 Nxd4 5. Nxd4 cxd4 6. Qxd4 e6 7. Be2 Ne7 8.
O-O Nc6 9. Qc3 e5 10. Be3 Be7 11. f4 exf4 12. Bc1 Bf6 13. Qd2 Qb6+ 14. Kh1 O-O
15. Qxf4 Bxb2 16. Bxb2 Qxb2 17. Nd2 Qd4 18. Rad1 Qe5 19. Qh4 Be6 20. Bg4 Nd4 21.
Nf3 Nxf3 22. Bxf3 Bxc4 23. Rfe1 Bxa2 24. Re2 Be6 25. Rde1 a5 26. Bg4 b5 27. Bxe6
fxe6 28. Re3 Rf4 29. Qe7 Raf8 30. Rf3 Qf6 31. Qxf6 R4xf6 32. Rxf6 gxf6 33. Rd1
Rd8 34. h3 a4 35. Rb1 Rb8 36. Rd1 b4 37. Rxd6 b3 38. Rxe6 b2 39. Rxf6 b1=Q+ 40.
Kh2 Qxe4 41. Rf3 Rb3 0-1

[Event "Let's Play Chess!"]
[Site "http://www.queenalice.com/game.php?id=75748"]
[Date "2006.6.11"]
[Round "-"]
[White "RayDuque3"]
[Black "roq04"]
[Result "0-1"]
[WhiteElo "1532"]
[BlackElo "1735"]

1. e4 e5 2. c4 Nf6 3. d3 Nc6 4. Nf3 Bb4+ 5. Bd2 Bc5 6. Be3 d6 7. Bxc5 dxc5 8.
Be2 Nh5 9. O-O Nf4 10. Nc3 Bg4 11. Ne1 Nxe2+ 12. Nxe2 Qd6 13. f3 Be6 14. f4
O-O-O 15. f5 Bxc4 16. Rf3 Nb4 17. Qa4 Ba6 18. a3 b5 19. Qb3 Nc6 20. Rd1 c4 21.
dxc4 Qxd1 22. Qxd1 Rxd1 23. Kf2 Rd2 24. cxb5 Bxb5 25. Re3 Nd4 0-1

[Event "AUTO-MASTER-172"]
[Site "http://www.queenalice.com/game.php?id=80662"]
[Date "2006.6.27"]
[Round "1"]
[White "tewald"]
[Black "roq04"]
[Result "0-1"]
[WhiteElo "1716"]
[BlackElo "1792"]

1. e4 c5 2. d3 Nc6 3. f4 d6 4. Nf3 e6 5. g3 g6 6. Bg2 Bg7 7. O-O Nf6 8. Nbd2 O-O
9. c3 Ng4 10. Qe2 h6 11. h3 Nf6 12. Rb1 Nh5 13. Kh2 f5 14. exf5 exf5 15. Nh4 Kh7
16. Bf3 Re8 17. Qf2 Bf6 18. Bxh5 gxh5 19. Ndf3 Qb6 20. Nxf5 Bxf5 21. Qd2 c4 22.
Ne1 cxd3 23. a4 Re2+ 0-1

[Event "AUTO-MASTER-172"]
[Site "http://www.queenalice.com/game.php?id=80663"]
[Date "2006.6.27"]
[Round "1"]
[White "roq04"]
[Black "tewald"]
[Result "1-0"]
[WhiteElo "1805"]
[BlackElo "1729"]

1. e4 e5 2. Nf3 Nc6 3. Bb5 Nf6 4. Nc3 d6 5. O-O a6 6. Bxc6+ bxc6 7. d4 exd4 8.
Qxd4 Be7 9. e5 dxe5 10. Qxe5 O-O 11. Bf4 Bd6 12. Qd4 c5 13. Qd2 Re8 14. Rfe1
Rxe1+ 15. Rxe1 Bb7 16. Ne5 Nh5 17. Qe3 Nxf4 18. Qxf4 Bxe5 19. Qxe5 h6 20. Rd1
Qc8 21. h3 f6 22. Qxc5 a5 23. Re1 Ra6 24. Re7 Rc6 25. Qh5 Qf8 26. Re8 1-0

[Event "AUTO-MASTER-172"]
[Site "http://www.queenalice.com/game.php?id=80680"]
[Date "2006.6.27"]
[Round "1"]
[White "roq04"]
[Black "alib2004"]
[Result "1-0"]
[WhiteElo "1818"]
[BlackElo "1856"]

1. e4 c5 2. Nf3 Nc6 3. d4 cxd4 4. Nxd4 Nf6 5. Nc3 a6 6. Bc4 e5 7. Nb3 b5 8. Bd5
Nxd5 9. Nxd5 d6 10. a4 bxa4 11. Rxa4 Be7 12. Be3 O-O 13. Rc4 Bd7 14. O-O a5 15.
Bb6 Qe8 16. Nc7 Qb8 17. Nxa8 Qxa8 18. Bxa5 Nxa5 19. Rc7 Rd8 20. Qa1 Qxe4 21.
Nxa5 Bf8 22. Nb7 Rb8 23. Rxd7 Rxb7 24. Qa8 f5 25. Rxb7 1-0

[Event "AUTO-MASTER-172"]
[Site "http://www.queenalice.com/game.php?id=80681"]
[Date "2006.6.27"]
[Round "1"]
[White "alib2004"]
[Black "roq04"]
[Result "0-1"]
[WhiteElo "1774"]
[BlackElo "1851"]

1. e4 c5 2. Nf3 d6 3. c3 Nc6 4. d4 cxd4 5. cxd4 Nf6 6. Nc3 d5 7. exd5 Nxd5 8.
Bc4 Be6 9. Qb3 Na5 10. Bb5+ Nc6 11. Bc4 Nb6 12. Bxe6 fxe6 13. Qxe6 Nxd4 14. Nxd4
Qxd4 15. Be3 Qc4 16. Qf5 e6 17. Qb5+ Qxb5 18. Nxb5 Nd5 19. Bxa7 b6 20. O-O Kd7
21. Rac1 Bc5 22. Rcd1 Rhf8 23. a4 Rf4 24. b3 Rb4 25. Rd3 Kc6 26. Rc1 Rf8 27. Rc2
Re4 28. g3 Ra8 29. Kg2 Re1 30. Bxb6 Kxb6 31. Rf3 Rd8 32. Rf7 Nb4 33. Rxg7 Nxc2
0-1

[Event "AUTO-MASTER-172"]
[Site "http://www.queenalice.com/game.php?id=80682"]
[Date "2006.6.27"]
[Round "1"]
[White "roq04"]
[Black "Santista35"]
[Result "1-0"]
[WhiteElo "1836"]
[BlackElo "1799"]

1. e4 e5 2. Nf3 d6 3. Bb5+ Bd7 4. c4 Bxb5 5. cxb5 Nf6 6. Nc3 a6 7. d4 axb5 8.
Nxb5 exd4 9. Qxd4 Qd7 10. Nc3 Nc6 11. Qc4 h6 12. O-O Na5 13. Qe2 Be7 14. Rd1 Qc6
15. Nd5 Qc4 16. Qxc4 Nxc4 17. Nxc7+ Kd8 18. Nxa8 Kc8 19. b3 Kb8 20. bxc4 Kxa8
21. Nd4 g6 22. f3 Rc8 23. Bxh6 Rxc4 24. Nb5 Nd7 25. Nxd6 Bxd6 26. Rxd6 Nb8 27.
Rd8 Ka7 28. Be3+ Ka6 29. Rxb8 Rc7 30. Rb1 b5 31. R1xb5 Rd7 32. R8b6+ 1-0

[Event "AUTO-MASTER-172"]
[Site "http://www.queenalice.com/game.php?id=80683"]
[Date "2006.6.27"]
[Round "1"]
[White "Santista35"]
[Black "roq04"]
[Result "0-1"]
[WhiteElo "1673"]
[BlackElo "1760"]

1. d4 d5 2. Nc3 Nf6 3. Bf4 Nc6 4. Nb5 e5 5. dxe5 a6 6. exf6 axb5 7. fxg7 Bxg7 8.
c3 b4 9. cxb4 Bxb2 10. Rb1 Qf6 11. Bxc7 Bc3+ 0-1

[Event "AUTO-MASTER-172"]
[Site "http://www.queenalice.com/game.php?id=100174"]
[Date "2006.8.27"]
[Round "2"]
[White "roq04"]
[Black "csadler"]
[Result "0-1"]
[WhiteElo "1879"]
[BlackElo "1699"]

1. e4 c5 2. Nf3 Nc6 3. d4 cxd4 4. Nxd4 Nf6 5. Nc3 e5 6. Nb3 Bb4 7. Bd3 Bxc3+ 8.
bxc3 d5 9. O-O O-O 10. exd5 Nxd5 11. Bxh7+ Kxh7 12. Qh5+ Kg8 13. Rd1 Be6 14. c4
Nf6 15. Qe2 Qe7 16. Bg5 Rad8 17. c3 Na5 18. Bxf6 Qxf6 19. Nxa5 b6 20. Rxd8 Rxd8
21. Nc6 Rc8 22. Nxe5 Bxc4 23. Nxc4 Qxc3 0-1

[Event "AUTO-MASTER-172"]
[Site "http://www.queenalice.com/game.php?id=100175"]
[Date "2006.8.27"]
[Round "2"]
[White "csadler"]
[Black "roq04"]
[Result "1-0"]
[WhiteElo "1722"]
[BlackElo "1856"]

1. Nf3 c5 2. e4 d6 3. d4 cxd4 4. Nxd4 Nc6 5. Nc3 Nf6 6. Bg5 e5 7. Ndb5 a6 8.
Bxf6 gxf6 9. Na3 b5 10. Nd5 f5 11. Bd3 Be6 12. c4 Qa5+ 13. Qd2 Qxd2+ 14. Kxd2
Bh6+ 15. Kc2 bxc4 16. Nxc4 fxe4 17. Bxe4 Bxd5 18. Bxd5 Nb4+ 19. Kb3 Nxd5 20.
Nxd6+ Kf8 21. Rhe1 Rb8+ 22. Kc2 Rg8 23. Rxe5 1-0

[Event "AUTO-MASTER-172"]
[Site "http://www.queenalice.com/game.php?id=100176"]
[Date "2006.8.27"]
[Round "2"]
[White "roq04"]
[Black "trunksjackson"]
[Result "1-0"]
[WhiteElo "1864"]
[BlackElo "1828"]

1. e4 c5 2. Nf3 d6 3. d4 cxd4 4. Nxd4 Nf6 5. Nc3 a6 6. Be3 Nc6 7. f3 e5 8. Nb3
Qc7 9. Qd2 Be6 10. Nd5 Bxd5 11. exd5 Ne7 12. c4 Nf5 13. Bf2 g6 14. Bd3 Qd7 15.
O-O Bh6 16. Bxf5 Qxf5 17. Qxh6 Rg8 18. Qe3 g5 19. Qb6 g4 20. f4 exf4 21. Bh4 Ne4
22. Qxb7 Rc8 23. Qe7# 1-0

[Event "AUTO-MASTER-172"]
[Site "http://www.queenalice.com/game.php?id=100177"]
[Date "2006.8.27"]
[Round "2"]
[White "trunksjackson"]
[Black "roq04"]
[Result "1-0"]
[WhiteElo "1831"]
[BlackElo "1781"]

1. e4 c5 2. d4 cxd4 3. Nf3 Nc6 4. Nxd4 Nf6 5. Nc3 a6 6. Be3 e5 7. Nf3 d6 8. Be2
Be7 9. Qd2 O-O 10. h4 b5 11. Ng5 h6 12. Nh3 b4 13. Nd5 Nxe4 14. Qc1 Be6 15.
Nxe7+ Qxe7 16. Bd3 d5 17. Bxe4 dxe4 18. Bxh6 gxh6 19. Qxh6 Nd4 20. O-O-O Rac8
21. c3 bxc3 22. Ng5 Bf5 23. g4 1-0

[Event "AUTO-MASTER-172"]
[Site "http://www.queenalice.com/game.php?id=100178"]
[Date "2006.8.27"]
[Round "2"]
[White "roq04"]
[Black "razoman"]
[Result "0-1"]
[WhiteElo "1820"]
[BlackElo "1872"]

1. e4 c5 2. Nf3 Nc6 3. d4 cxd4 4. Nxd4 a6 5. Bc4 e6 6. O-O d6 7. f4 Nf6 8. Nxc6
bxc6 9. Qd4 c5 10. Qe3 Ng4 11. Qg3 Nf6 12. Nc3 Bb7 13. f5 e5 14. Nd5 Bxd5 15.
exd5 h6 16. Rb1 Qb6 17. a3 Rb8 18. Be3 Qb7 19. b4 Ne4 20. Qf3 Nc3 21. Rb3 Nb5
22. bxc5 dxc5 0-1

[Event "AUTO-MASTER-172"]
[Site "http://www.queenalice.com/game.php?id=100179"]
[Date "2006.8.27"]
[Round "2"]
[White "razoman"]
[Black "roq04"]
[Result "1-0"]
[WhiteElo "1886"]
[BlackElo "1806"]

1. d4 Nf6 2. c4 d5 3. e3 c6 4. Nc3 e6 5. Nf3 Nbd7 6. c5 Be7 7. Bd3 Qc7 8. h3 e5
9. Bf5 e4 10. Bxd7+ Nxd7 11. Nh2 b6 12. b4 O-O 13. O-O Ba6 14. Re1 Bd3 15. Ne2
a5 16. Bd2 axb4 17. Bxb4 bxc5 18. dxc5 Rfb8 19. a3 Nxc5 20. Nd4 Bd6 21. Nf1 Na4
22. Bxd6 Qxd6 23. Ng3 1-0